| 000 | 00647nam a22002537a 4500 | ||
|---|---|---|---|
| 003 | UA-OsUOA | ||
| 001 | 26487 | ||
| 007 | ta | ||
| 008 | 20040603b un ||||| |||| 00| 0 ukr d | ||
| 100 | _aВоловик П.М. | ||
| 090 |
_a53 _bВ68 |
||
| 942 | _cBK | ||
| 040 |
_aUA-OsUOA _bukr _cUA-OsUOA _dUA-OsUOA |
||
| 245 |
_aВивчення світлових явищ у 7 класі _bПосібник для вчителя |
||
| 300 | _a87 с. | ||
| 955 | _a0 | ||
| 041 | _aukr | ||
| 080 | _a53 | ||
| 020 | _a5-330-00298-2 | ||
| 260 |
_aКиїв _bРадянська школа _c1988 |
||
| 044 | _aUA | ||
| 650 | 7 | _2UDC | |
| 999 |
_c312812 _d312812 |
||